| 000 | 00669nam a22002537a 4500 | ||
|---|---|---|---|
| 003 | UA-OsUOA | ||
| 001 | 39748 | ||
| 007 | ta | ||
| 008 | 20080516b un ||||| |||| 00| 0 ukr d | ||
| 100 | _aСилин О. | ||
| 090 |
_a82(477) _bС36 |
||
| 942 | _cBK | ||
| 040 |
_aUA-OsUOA _bukr _cUA-OsUOA _dUA-OsUOA |
||
| 245 | _aЗ моєї "Шевченкіани" | ||
| 300 | _a191 с. | ||
| 955 | _a4 | ||
| 041 | _aukr | ||
| 080 | _a82(477) | ||
| 020 | _a978-966-7601-98-0 | ||
| 260 |
_aК. _bВидавництво ім. О. Теліги _c2007 |
||
| 246 | 3 | 1 | _aЗбірка |
| 650 | 7 |
_a82 Література. Літературознавство _2UDC |
|
| 999 |
_c438257 _d438257 |
||